[Event "San Sebastian op 39th"]
[Site "San Sebastian"]
[Date "2016.03.22"]
[Round "5"]
[White "Paunovic, Dragan"]
[Black "Lagos Lejarraga, Jon"]
[Result "1-0"]
[WhiteElo "2427"]
[BlackElo "1919"]
[PlyCount "77"]
[EventDate "2016.03.19"]
[EventType "swiss"]
[EventRounds "9"]
[EventCountry "ESP"]
[SourceTitle "CBM 171 Extra"]
[Source "ChessBase"]
[SourceDate "2016.04.26"]
[SourceVersion "1"]
[SourceVersionDate "2016.04.26"]
[SourceQuality "1"]

1. Nf3 c5 2. g3 Nc6 3. Bg2 e5 4. e4 g6 5. 0-0 Bg7 6. c3 Nge7 7. d3 0-0 8. a3 d6 9. b4 a6 10. Nbd2 b6 11. Bb2 Qc7 12. Nc4 h6 13. a4 cxb4 14. cxb4 Be6 15. Qd2 b5 16. axb5 axb5 17. Na5 Qb6 18. Rfd1 Rac8 19. d4 Bg4 20. d5 Nd8 21. Rdc1 Nb7 22. Qe3 Qxe3 23. fxe3 Nxa5 24. bxa5 f5 25. Nd2 Bf6 26. Ba3 Bg5 27. Nf1 f4 28. h4 f3 29. hxg5 fxg2 30. Nd2 Rxc1+ 31. Rxc1 Nc8 32. Kxg2 hxg5 33. Rc6 Rd8 34. Nf3 Kf7 35. Rc7+ Kf6 36. Bb4 Rh8 37. a6 Rd8 38. Rb7 Rd7 39. Nh2 1-0

[Event "Seville op 41st"]
[Site "Seville"]
[Date "2016.01.16"]
[Round "9.8"]
[White "Espinoza Palomino, Willyam"]
[Black "Paunovic, Dragan"]
[Result "1-0"]
[WhiteElo "2342"]
[BlackElo "2432"]
[PlyCount "71"]
[EventDate "2016.01.08"]
[EventType "swiss"]
[EventRounds "9"]
[EventCountry "ESP"]
[SourceTitle "CBM 170 Extra"]
[Source "ChessBase"]
[SourceDate "2016.02.25"]
[SourceVersion "1"]
[SourceVersionDate "2016.02.25"]
[SourceQuality "1"]

1. e4 c5 2. Nf3 e6 3. d4 cxd4 4. Nxd4 a6 5. Bd3 d6 6. c4 g6 7. Nc3 Bg7 8. Be3 Nf6 9. 0-0 Nbd7 10. Be2 0-0 11. Nc2 Qc7 12. Qd2 Re8 13. Rad1 Bf8 14. Bg5 b6 15. Qf4 Be7 16. Qh4 Bb7 17. e5 dxe5 18. Rxd7 Qxd7 19. Bxf6 Bxf6 20. Qxf6 Qd2 21. Ne3 Qxb2 22. Ng4 h5 23. Nxe5 Rf8 24. Nxg6 fxg6 25. Qxg6+ Kh8 26. Qxh5+ Kg7 27. Qg5+ Kh8 28. Qh6+ Kg8 29. Qg6+ Kh8 30. Bd3 Rf5 31. Bxf5 exf5 32. Qf6+ Kg8 33. Rd1 Rf8 34. Qg6+ Kh8 35. Qh6+ Kg8 36. Rd7 1-0

[Event "Seville op 41st"]
[Site "Seville"]
[Date "2016.01.15"]
[Round "8.5"]
[White "Paunovic, Dragan"]
[Black "Lei, Tingjie"]
[Result "1/2-1/2"]
[WhiteElo "2432"]
[BlackElo "2474"]
[PlyCount "104"]
[EventDate "2016.01.08"]
[EventType "swiss"]
[EventRounds "9"]
[EventCountry "ESP"]
[SourceTitle "CBM 170 Extra"]
[Source "ChessBase"]
[SourceDate "2016.02.25"]
[SourceVersion "1"]
[SourceVersionDate "2016.02.25"]
[SourceQuality "1"]

1. Nf3 Nf6 2. d4 g6 3. Bg5 Bg7 4. Nbd2 d5 5. c3 0-0 6. e3 Nbd7 7. b4 Re8 8. Be2 e5 9. 0-0 c6 10. c4 exd4 11. Nxd4 dxc4 12. Nxc4 Nb6 13. Qb3 Qd5 14. Bxf6 Bxf6 15. Nxb6 axb6 16. Qxd5 cxd5 17. Rfd1 Bd7 18. Bf3 Ra4 19. Bxd5 Rxb4 20. Bb3 Ba4 21. Rab1 Bxd4 22. Bxa4 Rxa4 23. Rxd4 Rxa2 24. h4 Rc8 25. Rxb6 Rc1+ 26. Kh2 Rxf2 27. Rxb7 Rcc2 28. Rg4 h5 29. Rg3 Rc4 30. Kg1 Rf5 31. Rh3 Rc1+ 32. Kh2 Re1 33. Re7 Ref1 34. Re4 Kg7 35. Rg3 Kf6 36. Re8 R5f2 37. Re4 Rc2 38. Rg5 Kg7 39. Rg3 Rff2 40. Rg5 Rfe2 41. Rg3 Rc6 42. Rf3 f5 43. Rb4 Rc3 44. Rb7+ Kh6 45. Rb6 Rexe3 46. Rxe3 Rxe3 47. Rb7 Re4 48. g3 Re2+ 49. Kg1 Ra2 50. Rf7 Rb2 51. Kf1 Rc2 52. Kg1 Rb2 1/2-1/2

[Event "Pontevedra op 4th"]
[Site "Pontevedra"]
[Date "2015.12.30"]
[Round "8"]
[White "Strikovic, Aleksa"]
[Black "Paunovic, Dragan"]
[Result "1-0"]
[WhiteElo "2505"]
[BlackElo "2436"]
[PlyCount "51"]
[EventDate "2015.12.26"]
[EventType "swiss"]
[EventRounds "9"]
[EventCountry "ESP"]
[SourceTitle "CBM 170 Extra"]
[Source "ChessBase"]
[SourceDate "2016.02.25"]
[SourceVersion "1"]
[SourceVersionDate "2016.02.25"]
[SourceQuality "1"]

1. e4 d6 2. d4 e5 3. Nf3 exd4 4. Nxd4 Nf6 5. Nc3 Be7 6. g3 0-0 7. Bg2 Nc6 8. Nde2 Re8 9. 0-0 Bf8 10. h3 Rb8 11. g4 h6 12. Ng3 b5 13. f4 b4 14. Nd5 Ba6 15. Rf2 Nxd5 16. exd5 Na5 17. b3 Nb7 18. Bb2 Nc5 19. Qd4 Qd7 20. a3 bxa3 21. Rxa3 Re1+ 22. Kh2 Rb1 23. Bc3 Re8 24. Nh5 f6 25. Qxf6 gxf6 26. Nxf6+ 1-0

[Event "Pontevedra op 4th"]
[Site "Pontevedra"]
[Date "2015.12.29"]
[Round "7"]
[White "Paunovic, Dragan"]
[Black "Medarde Santiago, Luis Marcos"]
[Result "1-0"]
[WhiteElo "2436"]
[BlackElo "2310"]
[PlyCount "109"]
[EventDate "2015.12.26"]
[EventType "swiss"]
[EventRounds "9"]
[EventCountry "ESP"]
[SourceTitle "CBM 170 Extra"]
[Source "ChessBase"]
[SourceDate "2016.02.25"]
[SourceVersion "1"]
[SourceVersionDate "2016.02.25"]
[SourceQuality "1"]

1. Nf3 g6 2. d4 Nf6 3. c3 Bg7 4. Bf4 0-0 5. e3 d6 6. h3 b6 7. Nbd2 c5 8. Be2 Ba6 9. Bxa6 Nxa6 10. 0-0 Nc7 11. a4 a6 12. Qe2 Qc8 13. e4 cxd4 14. cxd4 Qb7 15. d5 b5 16. axb5 axb5 17. Nb3 Ra4 18. Rxa4 bxa4 19. Nbd4 Rb8 20. Rc1 Na6 21. Rc4 Nc5 22. Rxc5 dxc5 23. Bxb8 cxd4 24. Be5 a3 25. bxa3 Qb1+ 26. Kh2 Qxe4 27. Qxe4 Nxe4 28. Bxd4 Bxd4 29. Nxd4 Nxf2 30. Nc6 Kf8 31. a4 Ne4 32. a5 Nc3 33. Nb4 Ke8 34. a6 Nb5 35. Nc6 f6 36. a7 Nc7 37. Nd4 Na8 38. Kg3 Kd7 39. Nb5 Kc8 40. d6 exd6 41. Nxd6+ Kd7 42. Ne4 Ke6 43. Kf4 h6 44. Nf2 f5 45. h4 Kf6 46. Ke3 Nc7 47. Nd3 g5 48. h5 Ke6 49. Nf2 Kd5 50. g4 fxg4 51. Nxg4 Kc6 52. Nxh6 Kb7 53. Ng4 Nd5+ 54. Ke4 Ne7 55. Ke5 1-0

[Event "Pontevedra op 4th"]
[Site "Pontevedra"]
[Date "2015.12.26"]
[Round "1"]
[White "Fernandes, Joao Pedro Murtinho"]
[Black "Paunovic, Dragan"]
[Result "0-1"]
[WhiteElo "1754"]
[BlackElo "2436"]
[PlyCount "46"]
[EventDate "2015.12.26"]
[EventType "swiss"]
[EventRounds "9"]
[EventCountry "ESP"]
[SourceTitle "CBM 170 Extra"]
[Source "ChessBase"]
[SourceDate "2016.02.25"]
[SourceVersion "1"]
[SourceVersionDate "2016.02.25"]
[SourceQuality "1"]

1. e4 c5 2. Nf3 a6 3. Nc3 e6 4. d4 cxd4 5. Nxd4 Qc7 6. Bd3 Nf6 7. 0-0 Nc6 8. Nb3 b5 9. Qe2 Be7 10. f4 d6 11. Bd2 Bb7 12. a4 b4 13. Na2 0-0 14. Kh1 a5 15. c3 d5 16. e5 Ne4 17. Rf3 f5 18. Bxe4 dxe4 19. Rh3 g6 20. Qc4 Qd7 21. cxb4 axb4 22. Nxb4 Nxb4 23. Bxb4 Rxa4 0-1

[Event "Elgoibar 25th"]
[Site "Elgoibar"]
[Date "2015.12.18"]
[Round "6"]
[White "Munoz Pantoja, Miguel Angel"]
[Black "Paunovic, Dragan"]
[Result "1/2-1/2"]
[WhiteElo "2440"]
[BlackElo "2436"]
[PlyCount "23"]
[EventDate "2015.12.14"]
[EventType "tourn"]
[EventRounds "9"]
[EventCountry "ESP"]
[EventCategory "7"]
[SourceTitle "CBM 170 Extra"]
[Source "ChessBase"]
[SourceDate "2016.02.25"]
[SourceVersion "1"]
[SourceVersionDate "2016.02.25"]
[SourceQuality "1"]

1. e4 c5 2. Nf3 e6 3. d4 cxd4 4. Nxd4 a6 5. c4 Nf6 6. Nc3 Qc7 7. Be3 b6 8. a3 Bb7 9. f3 Be7 10. Rc1 d6 11. Be2 Nbd7 12. 0-0 1/2-1/2

[Event "Elgoibar 25th"]
[Site "Elgoibar"]
[Date "2015.12.17"]
[Round "5"]
[White "Paunovic, Dragan"]
[Black "Kobo, Ori"]
[Result "1/2-1/2"]
[WhiteElo "2436"]
[BlackElo "2430"]
[PlyCount "117"]
[EventDate "2015.12.14"]
[EventType "tourn"]
[EventRounds "9"]
[EventCountry "ESP"]
[EventCategory "7"]
[SourceTitle "CBM 170 Extra"]
[Source "ChessBase"]
[SourceDate "2016.02.25"]
[SourceVersion "1"]
[SourceVersionDate "2016.02.25"]
[SourceQuality "1"]

1. Nf3 d5 2. d4 Nf6 3. c4 e6 4. g3 Bb4+ 5. Bd2 Bd6 6. Bg2 c6 7. Qc2 Nbd7 8. 0-0 0-0 9. Bg5 h6 10. Bxf6 Nxf6 11. Nbd2 b6 12. e4 Be7 13. e5 Nd7 14. cxd5 cxd5 15. Rfc1 Nb8 16. a3 Bd7 17. Bf1 Nc6 18. b4 a6 19. Qb2 Qb8 20. Rc3 Rc8 21. Rac1 Qb7 22. h4 Na7 23. Bd3 Ba4 24. Nb1 Nb5 25. Rxc8+ Rxc8 26. Nc3 Nxc3 27. Rxc3 h5 28. Nd2 g6 29. Nb1 Bd1 30. Kg2 Bg4 31. Nd2 Kg7 32. Qc1 Rxc3 33. Qxc3 a5 34. b5 Qb8 35. f3 Bf5 36. Bxf5 gxf5 37. f4 Qf8 38. Nb1 Kh6 39. Qc7 Kg7 40. Qxb6 Bxa3 41. Qxa5 Bb4 42. Qa4 Be1 43. Na3 Qc8 44. Qc2 Qa8 45. Qb2 Qa5 46. b6 Bc3 47. Qb1 Qxa3 48. b7 Be1 49. Qxe1 Qb2+ 50. Qf2 Qxb7 51. Qe2 Kg6 52. Qc2 Qa6 53. Qb2 Qd3 54. Qb8 Qe2+ 55. Kg1 Kg7 56. Qd8 Qd1+ 57. Kg2 Qxd4 58. Qg5+ Kf8 59. Qd8+ 1/2-1/2

[Event "Elgoibar 25th"]
[Site "Elgoibar"]
[Date "2015.12.15"]
[Round "2"]
[White "Astasio Lopez, David"]
[Black "Paunovic, Dragan"]
[Result "0-1"]
[WhiteElo "2419"]
[BlackElo "2436"]
[PlyCount "75"]
[EventDate "2015.12.14"]
[EventType "tourn"]
[EventRounds "9"]
[EventCountry "ESP"]
[EventCategory "7"]
[SourceTitle "CBM 170 Extra"]
[Source "ChessBase"]
[SourceDate "2016.02.25"]
[SourceVersion "1"]
[SourceVersionDate "2016.02.25"]
[SourceQuality "1"]

1. d4 d6 2. Nf3 Nf6 3. Nbd2 g6 4. e4 Bg7 5. Bc4 0-0 6. 0-0 Nc6 7. c3 e5 8. dxe5 Nxe5 9. Nxe5 dxe5 10. Qe2 Qe7 11. Nf3 h6 12. a4 b6 13. a5 Bb7 14. Nd2 a6 15. axb6 cxb6 16. Bxa6 b5 17. Qxb5 Rfb8 18. Qd3 Rd8 19. Qb5 Rdb8 20. Qd3 Qd8 21. Qe2 Qd6 22. Bxb7 Rxa1 23. Bd5 Nxd5 24. Qd3 Rd8 25. Nc4 Qd7 26. exd5 Qxd5 27. Qxd5 Rxd5 28. Bd2 Ra6 29. Be3 f5 30. f3 Rc6 31. Na3 Bf8 32. Nc2 f4 33. Bf2 Rb5 34. Rc1 Rxb2 35. Ne1 Rd2 36. c4 Bc5 37. Bxc5 Rxc5 38. Rc3 0-1

[Event "Figueira da Foz op 9th"]
[Site "Figueira da Foz"]
[Date "2015.11.25"]
[Round "6"]
[White "Paunovic, Dragan"]
[Black "Stopa, Jacek"]
[Result "1-0"]
[WhiteElo "2435"]
[BlackElo "2475"]
[PlyCount "75"]
[EventDate "2015.11.21"]
[EventType "swiss"]
[EventRounds "9"]
[EventCountry "POR"]
[SourceTitle "CBM 169 Extra"]
[Source "ChessBase"]
[SourceDate "2015.12.18"]
[SourceVersion "1"]
[SourceVersionDate "2015.12.18"]
[SourceQuality "1"]

1. c4 b6 2. Nc3 Bb7 3. Nf3 Nf6 4. g3 g6 5. Bg2 Bg7 6. 0-0 0-0 7. d4 Ne4 8. Nxe4 Bxe4 9. Bg5 Qe8 10. Qd2 d6 11. Qe3 f5 12. Bh6 e5 13. Bxg7 Kxg7 14. dxe5 dxe5 15. Rfd1 Nc6 16. c5 Qe7 17. Rac1 Rfd8 18. cxb6 cxb6 19. Ng5 Bxg2 20. Kxg2 Rxd1 21. Rxd1 Rd8 22. Rxd8 Nxd8 23. f4 Nf7 24. Nxf7 Kxf7 25. fxe5 Ke6 26. Kf3 Qb7+ 27. Kf2 Qd5 28. Qh6 Qd4+ 29. Kf1 Qd7 30. Qf4 Qc7 31. Qh4 Qc1+ 32. Kg2 Qxb2 33. Qf6+ Kd5 34. Qd6+ Ke4 35. Kf2 Qc1 36. e6 Qe3+ 37. Kf1 Qc1+ 38. Kg2 1-0

[Event "Ourense Campus 2nd"]
[Site "Ourense"]
[Date "2015.07.11"]
[Round "8.5"]
[White "Medarde Santiago, Luis Marcos"]
[Black "Paunovic, Dragan"]
[Result "0-1"]
[WhiteElo "2273"]
[BlackElo "2451"]
[PlyCount "124"]
[EventDate "2015.07.06"]
[EventType "swiss"]
[EventRounds "9"]
[EventCountry "ESP"]
[SourceTitle "EXT 2024"]
[Source "ChessBase"]
[SourceDate "2023.10.10"]
[SourceVersion "1"]
[SourceVersionDate "2023.10.10"]
[SourceQuality "1"]

1. e4 d6 2. d4 Nf6 3. Nc3 e5 4. Nf3 Nbd7 5. Bc4 Be7 6. 0-0 Nb6 7. Bb3 exd4 8. Qxd4 0-0 9. Rd1 Bg4 10. Qe3 Nfd7 11. h3 Bxf3 12. Qxf3 a5 13. a4 Bf6 14. Nd5 Nxd5 15. Bxd5 c6 16. Ba2 Qe7 17. Bf4 Be5 18. c3 Nc5 19. Bxe5 Qxe5 20. Bb1 Rfe8 21. Bc2 Rad8 22. Re1 d5 23. Rad1 dxe4 24. Rxd8 Rxd8 25. Bxe4 g6 26. Qe2 Re8 27. Qc4 Kg7 28. Re3 Nxe4 29. f3 f5 30. fxe4 fxe4 31. Qe2 h5 32. Qd2 Re7 33. Qe2 Qd5 34. Kh2 b5 35. axb5 cxb5 36. Qe1 Re6 37. Qe2 b4 38. cxb4 axb4 39. Qc2 Re7 40. Qe2 Qd4 41. Kh1 Qe5 42. Qd2 Qc5 43. Qe1 Qc4 44. Kh2 Kh7 45. Qh4 Qe6 46. Qe1 Qe5+ 47. Kh1 Qd4 48. Kh2 Qc4 49. Qh4 Qc7+ 50. Qg3 Qe5 51. Qxe5 Rxe5 52. h4 g5 53. Kg3 Kg6 54. Re1 Kf5 55. Rf1+ Ke6 56. hxg5 Rxg5+ 57. Kh2 Ke5 58. Kg1 e3 59. Rc1 Rf5 60. Rc4 e2 61. Rc5+ Ke4 62. Rc1 Ke3 0-1

[Event "Ourense Campus 2nd"]
[Site "Ourense"]
[Date "2015.07.07"]
[Round "2.6"]
[White "Fernandez Lopez, Alejandro I"]
[Black "Paunovic, Dragan"]
[Result "0-1"]
[WhiteElo "2007"]
[BlackElo "2451"]
[PlyCount "58"]
[EventDate "2015.07.06"]
[EventType "swiss"]
[EventRounds "9"]
[EventCountry "ESP"]
[SourceTitle "EXT 2024"]
[Source "ChessBase"]
[SourceDate "2023.10.10"]
[SourceVersion "1"]
[SourceVersionDate "2023.10.10"]
[SourceQuality "1"]

1. e4 c5 2. Nf3 e6 3. d3 Nc6 4. g3 g6 5. Bg2 Bg7 6. 0-0 Nge7 7. c3 d5 8. exd5 exd5 9. d4 cxd4 10. Nxd4 Nxd4 11. cxd4 0-0 12. Nc3 Be6 13. Be3 Qd7 14. Re1 Nf5 15. Qd2 Rfe8 16. Rac1 h5 17. Ne2 Nxe3 18. fxe3 Rac8 19. Nf4 b6 20. Rxc8 Rxc8 21. Rc1 Rxc1+ 22. Qxc1 Bh6 23. Qc2 h4 24. b3 Bxf4 25. exf4 h3 26. Bf1 Qe7 27. Bd3 Qb4 28. Kf2 Qxd4+ 29. Kf1 Kg7 0-1

[Event "Ourense Campus 2nd"]
[Site "Ourense"]
[Date "2015.07.06"]
[Round "1.6"]
[White "Paunovic, Dragan"]
[Black "Vazquez Gomez, David"]
[Result "1-0"]
[WhiteElo "2451"]
[BlackElo "1717"]
[PlyCount "81"]
[EventDate "2015.07.06"]
[EventType "swiss"]
[EventRounds "9"]
[EventCountry "ESP"]
[SourceTitle "EXT 2024"]
[Source "ChessBase"]
[SourceDate "2023.10.10"]
[SourceVersion "1"]
[SourceVersionDate "2023.10.10"]
[SourceQuality "1"]

1. Nf3 Nf6 2. c4 c5 3. g3 b6 4. Bg2 Bb7 5. 0-0 e6 6. Nc3 Be7 7. Re1 0-0 8. e4 d6 9. d4 cxd4 10. Nxd4 a6 11. e5 dxe5 12. Bxb7 Ra7 13. Nc6 Qxd1 14. Nxe7+ Kh8 15. Rxd1 Rxb7 16. b3 b5 17. Be3 bxc4 18. Bc5 Re8 19. bxc4 Rc7 20. Bd6 Rxc4 21. Rac1 Nbd7 22. Ne2 Rxc1 23. Rxc1 Nd5 24. Nc6 f6 25. Nb4 N7b6 26. Nxa6 Ra8 27. Nb4 Kg8 28. a3 Nxb4 29. axb4 Nd5 30. Nc3 Rd8 31. Nxd5 Rxd6 32. Ne3 Rb6 33. Rb1 Kf7 34. b5 Ke7 35. Nc4 Rb7 36. b6 Kd7 37. Rd1+ Ke7 38. Ra1 Ke8 39. Ra7 Rb8 40. Rxg7 Rc8 41. Rxh7 1-0

[Event "Gaia Profigaia op 8th"]
[Site "Vila Nova de Gaia"]
[Date "2015.06.30"]
[Round "6"]
[White "Paunovic, Dragan"]
[Black "Rocha, Sergio MC"]
[Result "1-0"]
[WhiteElo "2447"]
[BlackElo "2387"]
[PlyCount "89"]
[EventDate "2015.06.27"]
[EventType "swiss"]
[EventRounds "9"]
[EventCountry "POR"]
[SourceTitle "EXT 2018"]
[Source "ChessBase"]
[SourceDate "2017.10.13"]
[SourceVersion "1"]
[SourceVersionDate "2017.10.13"]
[SourceQuality "1"]

1. Nf3 Nf6 2. g3 b6 3. Bg2 Bb7 4. c4 e6 5. 0-0 c5 6. Nc3 Be7 7. d4 cxd4 8. Qxd4 d6 9. Bg5 a6 10. Bxf6 Bxf6 11. Qd3 0-0 12. Rfd1 Be7 13. Ng5 Bxg5 14. Bxb7 Ra7 15. Be4 f5 16. Bg2 Rd7 17. e3 Bf6 18. Rac1 Qc7 19. b3 Bxc3 20. Rxc3 Nc6 21. Qe2 Ne5 22. Rc2 Qc5 23. h3 g5 24. Rd4 Rdf7 25. b4 Qc7 26. f4 Ng6 27. Rcd2 e5 28. Rxd6 Rg7 29. fxg5 f4 30. exf4 exf4 31. Rf6 fxg3 32. Qe6+ Kh8 33. Rxf8+ Nxf8 34. Qf6 Nd7 35. Qd4 Kg8 36. Re2 Kf8 37. h4 a5 38. a3 axb4 39. axb4 Kg8 40. Re8+ Kf7 41. Qe3 Qxc4 42. Qe7+ Kg6 43. Qd6+ Kh5 44. Bf3+ Kxh4 45. Qh6# 1-0

[Event "Gaia Profigaia op 8th"]
[Site "Vila Nova de Gaia"]
[Date "2015.06.28"]
[Round "4"]
[White "Paunovic, Dragan"]
[Black "Guimaraes, Rui"]
[Result "1-0"]
[WhiteElo "2447"]
[BlackElo "2118"]
[PlyCount "121"]
[EventDate "2015.06.27"]
[EventType "swiss"]
[EventRounds "9"]
[EventCountry "POR"]
[SourceTitle "EXT 2018"]
[Source "ChessBase"]
[SourceDate "2017.10.13"]
[SourceVersion "1"]
[SourceVersionDate "2017.10.13"]
[SourceQuality "1"]

1. Nf3 g6 2. d4 Bg7 3. e4 c5 4. d5 d6 5. Nc3 Nf6 6. Bb5+ Nbd7 7. a4 0-0 8. h3 Qa5 9. Bd2 a6 10. Bc4 Ne5 11. Nxe5 dxe5 12. 0-0 Bd7 13. Re1 Nh5 14. Bg5 Rfe8 15. d6 e6 16. Qd2 Rac8 17. Red1 f6 18. Be3 Bf8 19. Be2 Ng7 20. Nb1 Qd8 21. b4 cxb4 22. Qxb4 Rc6 23. Qxb7 Qc8 24. Qxc8 Rexc8 25. c4 Rxd6 26. Nc3 Rxd1+ 27. Rxd1 Be8 28. Rb1 Bc5 29. Bxc5 Rxc5 30. Rb6 Ra5 31. Bd1 Kf8 32. Rb7 Rc5 33. Bb3 Rc6 34. Kf1 Bf7 35. Na2 Ne8 36. Nb4 Rc8 37. Nxa6 Nd6 38. Rb8 Rxb8 39. Nxb8 Nb7 40. Na6 Be8 41. Bc2 Ke7 42. Ke2 Kd6 43. Kd2 Kc6 44. Nb4+ Kc5 45. Kc3 Nd6 46. Nd3+ Kc6 47. f3 h5 48. a5 Kc7 49. h4 Kb7 50. Nc5+ Ka7 51. Kb4 f5 52. Nxe6 Bf7 53. Ng5 fxe4 54. fxe4 Bg8 55. c5 Ne8 56. c6 Nd6 57. Kc5 Nc8 58. Bd3 Kb8 59. Ba6 Na7 60. Kb6 Ka8 61. Bb7+ 1-0

[Event "Coimbra op"]
[Site "Coimbra"]
[Date "2015.05.02"]
[Round "5"]
[White "Paunovic, Dragan"]
[Black "Rego, Pedro Filipe"]
[Result "1-0"]
[WhiteElo "2442"]
[BlackElo "2254"]
[PlyCount "91"]
[EventDate "2015.04.30"]
[EventType "swiss"]
[EventRounds "7"]
[EventCountry "POR"]
[SourceTitle "CBM 166 Extra"]
[Source "ChessBase"]
[SourceDate "2015.06.18"]
[SourceVersion "1"]
[SourceVersionDate "2015.06.18"]
[SourceQuality "1"]

1. Nf3 Nf6 2. g3 d5 3. Bg2 c6 4. 0-0 Bf5 5. d3 e6 6. c4 Nbd7 7. Nc3 h6 8. cxd5 cxd5 9. Be3 Qa5 10. Qb3 Bc5 11. Bxc5 Nxc5 12. Qb5+ Qxb5 13. Nxb5 Ke7 14. Rfc1 Rhc8 15. Rc2 a6 16. Nbd4 Ncd7 17. Rac1 Rxc2 18. Nxf5+ exf5 19. Rxc2 Kd6 20. a4 Nc5 21. Nd4 g6 22. a5 Ne6 23. Nb3 Rd8 24. d4 Rd7 25. e3 Rc7 26. Rxc7 Kxc7 27. Bf1 Ne4 28. Bd3 Kc6 29. Kf1 Nd6 30. Nd2 Ne4 31. Nf3 Kd6 32. Ne5 Nd2+ 33. Ke2 Nb3 34. Nxf7+ Ke7 35. Ne5 Kf6 36. Kd1 Nxa5 37. b4 Nc6 38. Nxc6 bxc6 39. Bxa6 Ke7 40. Bd3 Nd8 41. g4 fxg4 42. Bxg6 Kf6 43. Be8 Kg5 44. Ke2 Kh4 45. Kf1 Kh3 46. Kg1 1-0

[Event "Coimbra op"]
[Site "Coimbra"]
[Date "2015.04.30"]
[Round "1"]
[White "Paunovic, Dragan"]
[Black "Leao, Tiago Miguel da S"]
[Result "1-0"]
[WhiteElo "2442"]
[BlackElo "1863"]
[PlyCount "65"]
[EventDate "2015.04.30"]
[EventType "swiss"]
[EventRounds "7"]
[EventCountry "POR"]
[SourceTitle "CBM 166 Extra"]
[Source "ChessBase"]
[SourceDate "2015.06.18"]
[SourceVersion "1"]
[SourceVersionDate "2015.06.18"]
[SourceQuality "1"]

1. Nf3 g6 2. g3 Bg7 3. d4 Nf6 4. Bg2 0-0 5. c4 d6 6. 0-0 Nbd7 7. Qc2 c5 8. Rd1 Rb8 9. Nc3 a6 10. a4 Qc7 11. d5 Ne5 12. Nxe5 dxe5 13. a5 Ne8 14. Bd2 Bd7 15. Bg5 f6 16. Bd2 Nd6 17. Na4 Bxa4 18. Qxa4 f5 19. Rac1 e4 20. b4 b5 21. axb6 Qxb6 22. Qd7 Qb7 23. Qe6+ Kh8 24. bxc5 Rf6 25. c6 Rxe6 26. cxb7 Rf6 27. Bf4 Rxb7 28. c5 Nc8 29. d6 exd6 30. cxd6 Nb6 31. Rc7 Rf7 32. d7 Rxd7 33. Rdxd7 1-0

[Event "La Roda op 42nd"]
[Site "La Roda"]
[Date "2015.04.05"]
[Round "9"]
[White "Paunovic, Dragan"]
[Black "Tejedor Fuente, Enrique"]
[Result "1-0"]
[WhiteElo "2442"]
[BlackElo "2328"]
[PlyCount "108"]
[EventDate "2015.04.01"]
[EventType "swiss"]
[EventRounds "9"]
[EventCountry "ESP"]
[SourceTitle "CBM 165 Extra"]
[Source "ChessBase"]
[SourceDate "2015.04.21"]
[SourceVersion "1"]
[SourceVersionDate "2015.04.21"]
[SourceQuality "1"]

1. c4 c5 2. g3 Nc6 3. Bg2 Nf6 4. Nf3 d6 5. Nc3 g6 6. 0-0 Bg7 7. d4 cxd4 8. Nxd4 Bd7 9. c5 dxc5 10. Nxc6 Bxc6 11. Bxc6+ bxc6 12. Be3 Nd5 13. Bxc5 Nxc3 14. bxc3 Bxc3 15. Qxd8+ Rxd8 16. Rab1 Bf6 17. Bxa7 Rd2 18. Rfd1 Rxd1+ 19. Rxd1 0-0 20. Bb6 e6 21. a4 Ra8 22. a5 c5 23. Rc1 Be7 24. Kg2 Kf8 25. Kf3 Ke8 26. Ke4 Kd7 27. Kd3 Kc6 28. Kc4 h5 29. Rb1 Rb8 30. Rb3 Bd6 31. h4 Be7 32. Rf3 Rf8 33. e4 f6 34. Rb3 Ra8 35. f3 Bd6 36. g4 Bg3 37. gxh5 gxh5 38. Rb5 Bxh4 39. Rxc5+ Kd6 40. Rxh5 Be1 41. Kb5 Rb8 42. Rc5 Bxa5 43. Kxa5 Rh8 44. Kb5 Rh3 45. Bc7+ Kd7 46. Rc3 e5 47. Bb8 Ke6 48. Kc4 Rh7 49. Rb3 Rh3 50. f4 Rh4 51. f5+ Ke7 52. Kd5 Kd7 53. Bd6 Rh1 54. Rb7+ Kc8 1-0

[Event "La Roda op 42nd"]
[Site "La Roda"]
[Date "2015.04.05"]
[Round "8"]
[White "Strikovic, Aleksa"]
[Black "Paunovic, Dragan"]
[Result "1/2-1/2"]
[WhiteElo "2522"]
[BlackElo "2442"]
[PlyCount "22"]
[EventDate "2015.04.01"]
[EventType "swiss"]
[EventRounds "9"]
[EventCountry "ESP"]
[SourceTitle "CBM 165 Extra"]
[Source "ChessBase"]
[SourceDate "2015.04.21"]
[SourceVersion "1"]
[SourceVersionDate "2015.04.21"]
[SourceQuality "1"]

1. c4 e5 2. g3 Nf6 3. Bg2 d5 4. cxd5 Nxd5 5. Nc3 Nb6 6. Nf3 Nc6 7. 0-0 Be7 8. d3 0-0 9. a3 a5 10. b3 Re8 11. Bb2 Bd6 1/2-1/2

[Event "La Roda op 42nd"]
[Site "La Roda"]
[Date "2015.04.04"]
[Round "6"]
[White "Paunovic, Dragan"]
[Black "Arribas Lopez, Angel"]
[Result "0-1"]
[WhiteElo "2442"]
[BlackElo "2541"]
[PlyCount "70"]
[EventDate "2015.04.01"]
[EventType "swiss"]
[EventRounds "9"]
[EventCountry "ESP"]
[SourceTitle "CBM 165 Extra"]
[Source "ChessBase"]
[SourceDate "2015.04.21"]
[SourceVersion "1"]
[SourceVersionDate "2015.04.21"]
[SourceQuality "1"]

1. Nf3 e6 2. g3 b6 3. Bg2 Bb7 4. 0-0 c5 5. c4 Nf6 6. Nc3 Be7 7. Re1 a6 8. e4 d6 9. d4 cxd4 10. Nxd4 Qc7 11. Be3 Nbd7 12. f4 Rc8 13. Rc1 Qb8 14. Qe2 Qa8 15. Bf2 g6 16. b4 h5 17. h3 h4 18. b5 Nh5 19. Nc6 hxg3 20. Be3 Bxc6 21. bxc6 Qxc6 22. Nd5 exd5 23. exd5 Qc7 24. Bd4 Ndf6 25. f5 Kf8 26. fxg6 fxg6 27. Rc3 Rh7 28. Rf1 Rf7 29. Bf3 Nf4 30. Qd2 g5 31. h4 Nd7 32. Bg4 Ne5 33. Bxc8 Qxc8 34. Rxg3 Qxc4 35. Rf2 Ned3 0-1

[Event "La Roda op 42nd"]
[Site "La Roda"]
[Date "2015.04.03"]
[Round "4"]
[White "Domingo Nunez, Alejandro"]
[Black "Paunovic, Dragan"]
[Result "0-1"]
[WhiteElo "2185"]
[BlackElo "2442"]
[PlyCount "80"]
[EventDate "2015.04.01"]
[EventType "swiss"]
[EventRounds "9"]
[EventCountry "ESP"]
[SourceTitle "CBM 165 Extra"]
[Source "ChessBase"]
[SourceDate "2015.04.21"]
[SourceVersion "1"]
[SourceVersionDate "2015.04.21"]
[SourceQuality "1"]

1. e4 c5 2. d4 cxd4 3. c3 d3 4. Bxd3 d6 5. c4 Nf6 6. Nc3 g6 7. h3 Bg7 8. Nf3 0-0 9. 0-0 Nbd7 10. Be3 b6 11. Qe2 Bb7 12. Rfd1 Rc8 13. Rac1 Re8 14. Nd5 Nc5 15. Bg5 e6 16. Nc3 h6 17. Bh4 Qe7 18. Bb1 a6 19. b4 Ncd7 20. Bg3 Ne5 21. Bxe5 dxe5 22. a3 Qc7 23. c5 bxc5 24. Na4 c4 25. Nc5 a5 26. Qxc4 axb4 27. axb4 Bf8 28. Nd7 Qxd7 29. Rxd7 Rxc4 30. Rxc4 Nxd7 31. Rc7 Bc8 32. b5 Bd6 33. Rc1 Kf8 34. Nd2 Bb7 35. Rd1 Ke7 36. Nc4 Bb4 37. Bd3 Nc5 38. Nxe5 Rd8 39. f3 Bc3 40. Rc1 Bxe5 0-1